<?xml version="1.0" encoding="UTF-8"?><?xml-stylesheet type="text/xsl" href="static/style.xsl"?><OAI-PMH xmlns="http://www.openarchives.org/OAI/2.0/" xmlns:xsi="http://www.w3.org/2001/XMLSchema-instance" xsi:schemaLocation="http://www.openarchives.org/OAI/2.0/ http://www.openarchives.org/OAI/2.0/OAI-PMH.xsd"><responseDate>2026-04-29T17:02:14Z</responseDate><request verb="GetRecord" identifier="oai:repisalud.isciii.es:20.500.12105/19691" metadataPrefix="marc">https://repisalud.isciii.es/rest/oai/request</request><GetRecord><record><header><identifier>oai:repisalud.isciii.es:20.500.12105/19691</identifier><datestamp>2024-11-29T09:05:34Z</datestamp><setSpec>com_20.500.12105_2052</setSpec><setSpec>com_20.500.12105_2051</setSpec><setSpec>com_20.500.12105_15322</setSpec><setSpec>col_20.500.12105_19613</setSpec><setSpec>col_20.500.12105_16972</setSpec></header><metadata><record xmlns="http://www.loc.gov/MARC21/slim" xmlns:dcterms="http://purl.org/dc/terms/" xmlns:doc="http://www.lyncode.com/xoai" xmlns:xsi="http://www.w3.org/2001/XMLSchema-instance" xsi:schemaLocation="http://www.loc.gov/MARC21/slim http://www.loc.gov/standards/marcxml/schema/MARC21slim.xsd">
   <leader>00925njm 22002777a 4500</leader>
   <datafield ind2=" " ind1=" " tag="042">
      <subfield code="a">dc</subfield>
   </datafield>
   <datafield ind2=" " ind1=" " tag="720">
      <subfield code="a">Palma, D</subfield>
      <subfield code="e">author</subfield>
   </datafield>
   <datafield ind2=" " ind1=" " tag="720">
      <subfield code="a">Díaz, S</subfield>
      <subfield code="e">author</subfield>
   </datafield>
   <datafield ind2=" " ind1=" " tag="720">
      <subfield code="a">Guerras Moreira, Juan Miguel</subfield>
      <subfield code="e">author</subfield>
   </datafield>
   <datafield ind2=" " ind1=" " tag="720">
      <subfield code="a">González Recio, Paule</subfield>
      <subfield code="e">author</subfield>
   </datafield>
   <datafield ind2=" " ind1=" " tag="720">
      <subfield code="a">Forns, L</subfield>
      <subfield code="e">author</subfield>
   </datafield>
   <datafield ind2=" " ind1=" " tag="720">
      <subfield code="a">Pericas, C</subfield>
      <subfield code="e">author</subfield>
   </datafield>
   <datafield ind2=" " ind1=" " tag="720">
      <subfield code="a">Belza Egozcue, Maria Jose</subfield>
      <subfield code="e">author</subfield>
   </datafield>
   <datafield ind2=" " ind1=" " tag="720">
      <subfield code="a">Rius, Cristina</subfield>
      <subfield code="e">author</subfield>
   </datafield>
   <datafield ind2=" " ind1=" " tag="260">
      <subfield code="c">2023</subfield>
   </datafield>
   <datafield ind2=" " ind1=" " tag="520">
      <subfield code="a">Antecedentes/Objetivos: Los determinantes en salud de las personas trans y no binarias (PT/NB) pueden verse afectados por necesidades no visualizadas. En el marco de una evaluación de la salud de este colectivo en España, el objetivo de este trabajo fue desarrollar un mapeo de activos de PT/NB en la ciudad de Barcelona, identificando actores y necesidades, previo al desarrollo e implementación del instrumento. Métodos: Estudio descriptivo de proceso realizado entre enero y marzo del 2023. Se realizó una búsqueda a través de informantes claves, redes sociales (RRSS), actividades presenciales y organizaciones accedidas por contactos e internet. Las entidades fueron invitadas a participa vía correo electrónico. Según respuesta, se agendaron entrevistas presenciales o recaudaron más contactos. Con aquellas interesadas se realizaron entrevistas semiestructuradas de entre 60 a 120 minutos, evaluando población objetivo y percepción de necesidades en salud de las PT/NB. Resultados: De las 33 organizaciones detectadas, 21% respondió al contacto, de las cuales 9% avanzaron a entrevista. Entre quienes contestaron, un 100% presentó actividad en RRSS durante el último año, versus 32% de las que no contestaron. Se entrevistó un servicio de salud específico en acompañamiento a PT/NB y dos entidades comunitarias enfocadas en migración y trabajo sexual. Se observaron puntos en común como la relación entre salud y sus determinantes sociales; la necesidad de evidenciar problemáticas de salud mental; y el manejo adecuado de una población altamente instrumentalizada dentro de la investigación, creando instrumentos precisos, con participación comunitaria, libres de estigma y con enfoque de género. Conclusiones/Recomendaciones: El mapeo de activos es un instrumento necesario previo al desarrollo de estudios con comunidades clave. Las instituciones entrevistadas abarcan a población vinculada a terapia hormonal, migrantes y aquellas que realizan trabajo sexual, trabajando en red con colectivos en Cataluña y el resto de España. Sin embargo, podrían omitir a población no binaria o que no busquen hormonarse. Expandir la red de organizaciones activas y aplicar metodologías de bola de nieve permitirá alcanzar una muestra más heterogénea y representativa. Las conclusiones obtenidas permitirán el desarrollo de instrumentos atingentes, que evidencien las necesidades de los colectivos y se traduzcan en políticas efectivas.</subfield>
   </datafield>
   <datafield ind1="8" ind2=" " tag="024">
      <subfield code="a">Gac Sanit. 2023;37(S1):51-51.</subfield>
   </datafield>
   <datafield ind1="8" ind2=" " tag="024">
      <subfield code="a">Gac Sanit.</subfield>
   </datafield>
   <datafield ind1="8" ind2=" " tag="024">
      <subfield code="a">http://hdl.handle.net/20.500.12105/19691</subfield>
   </datafield>
   <datafield tag="653" ind2=" " ind1=" ">
      <subfield code="a">Población trans</subfield>
   </datafield>
   <datafield tag="653" ind2=" " ind1=" ">
      <subfield code="a">Población no binaria</subfield>
   </datafield>
   <datafield tag="653" ind2=" " ind1=" ">
      <subfield code="a">Barcelona</subfield>
   </datafield>
   <datafield tag="653" ind2=" " ind1=" ">
      <subfield code="a">España</subfield>
   </datafield>
   <datafield tag="653" ind2=" " ind1=" ">
      <subfield code="a">Salud Pública</subfield>
   </datafield>
   <datafield ind2="0" ind1="0" tag="245">
      <subfield code="a">Mapeo de activos de población trans y no binaria de la ciudad de Barcelona previo a implementación de instrumento de salud</subfield>
   </datafield>
</record></metadata></record></GetRecord></OAI-PMH>